|
|
|
|
| LEADER |
00696nam a2200133Ia 4500 |
| 008 |
111204s9999 xx 000 0 mal d |
| 100 |
|
|
|a Narayanapanicker ,Kavalam
|
| 245 |
|
|
|a Kavalathinte randu nadakangal
|c Narayanapanicker ,Kavalam
|
| 260 |
|
|
|b Sahithyapravathaka sahakaranasangham
|a Sahithyapravathaka sahakaranasangham
|c 1987
|
| 300 |
|
|
|a 62
|
| 942 |
|
|
|c BK
|
| 999 |
|
|
|c 221079
|d 221079
|
| 952 |
|
|
|0 0
|1 0
|2 ddc
|4 0
|6 852_000000000000000_3N1_KAV
|7 0
|9 244147
|a MAL
|b MAL
|c ST1
|d 2011-12-05
|g 7.00
|l 1
|o 852.3N1 KAV
|p MAL20938
|r 2014-12-17
|s 2014-10-31
|v 7.00
|w 2011-12-05
|y BK
|
| 952 |
|
|
|0 0
|1 0
|2 ddc
|4 0
|6 852_000000000000000_3N1_KAV
|7 0
|9 244353
|a MAL
|b MAL
|c ST1
|d 2011-12-05
|g 7.00
|l 0
|o 852.3N1 KAV
|p MAL19989
|r 2011-12-05
|v 7.00
|w 2011-12-05
|y BK
|